Photography for students of physics and chemistry /

Bibliographic Details
Main Author: Derr, Louis, 1868-1923
Format: Book
Language:English
Published: New York : London : Macmillan Company; Macmillan & Co., Ltd., 1906.
Subjects:

MARC

Tag First Indicator Second Indicator Subfields
LEADER 00000cam a2200000 4500
001 in00000027572
005 20151007062643.0
008 740710s1906 nyua 00010 eng u
010 |a  07000471  
035 |a (OCoLC)00941494 
035 |9 AAD5463AM 
040 |c MSC  |d TXA  |d UtOrBLW 
049 |a TXAM  |c 1 [6129]  |c 2 [29927] 
050 0 |a TR145  |b .D44 
092 |a 770  |b D438p 
100 1 |a Derr, Louis,  |d 1868-1923. 
245 1 0 |a Photography for students of physics and chemistry /  |c by Louis Derr ... 
264 1 |a New York :  |b Macmillan Company;  |a London :  |b Macmillan & Co., Ltd.,  |c 1906. 
300 |a vii, 247 pages :  |b frontispiece, illustrations, diagrams ;  |c 20 cm. 
336 |a text  |b txt  |2 rdacontent 
337 |a unmediated  |b n  |2 rdamedia 
338 |a volume  |b nc  |2 rdacarrier 
500 |a This work is the outgrowth of an elective series of experimental lectures delivered by the author at the Massachusetts Institute of Technology. cf. Pref. 
650 0 |a Photography. 
650 0 |a Photographic optics. 
650 0 |a Photographic chemistry. 
999 |a MARS 
999 f f |s f04623f9-35b2-320b-94ac-e9ce0cc2ffac  |i 52ba8a73-cb38-3546-9504-f2129873608a  |t 0 
952 f f |p ric  |a Texas A&M University  |b Rellis Campus  |c Joint Library Facility  |d Remote Storage  |t 0  |e TR145 .D44  |h Library of Congress classification  |i unmediated -- volume  |m A14801159964 
998 f f |a TR145 .D44  |t 0  |l Remote Storage